KOHA-Header-6

Mastering Cold Fusion 4.5 (Record no. 2733)

000 -LEADER
fixed length control field 00296nam a2200121Ia 4500
008 - FIXED-LENGTH DATA ELEMENTS--GENERAL INFORMATION
fixed length control field 190902s9999||||xx |||||||||||||| ||und||
020 ## - INTERNATIONAL STANDARD BOOK NUMBER
International Standard Book Number 0-88022-884-9
100 ## - MAIN ENTRY--PERSONAL NAME
Personal name Danesh, Motlagh
245 #0 - TITLE STATEMENT
Title Mastering Cold Fusion 4.5
260 ## - PUBLICATION, DISTRIBUTION, ETC. (IMPRINT)
Place of publication, distribution, etc India
Name of publisher, distributor, etc The McGraw-Hill
Date of publication, distribution, etc 2000
300 ## - PHYSICAL DESCRIPTION
Extent 1067
942 ## - ADDED ENTRY ELEMENTS (KOHA)
Koha item type Books
Holdings
Withdrawn status Lost status Source of classification or shelving scheme Damaged status Not for loan Collection code Permanent Location Current Location Shelving location Date acquired Barcode Date last seen Price effective from Koha item type
          Computer Science MAJU MAJU   2019-09-02 6386 2019-09-02 2019-09-02 Computer Science

Powered by Koha